Risultati Serie A 2023-2024 - Girone d'Andata - Statistics

Statistiche generali
  • Questo quiz è stato fatto 5 volte
  • Il punteggio medio è 57 su 190
Statistiche sulle risposte
Hint Risposta % Corretto
Salernitana-Inter 0-4
100%
Juventus-Bologna 1-1
100%
Milan-Juventus 0-1
75%
Bologna-Milan 0-2
75%
Lazio-Inter 0-2
75%
Udinese-Juventus 0-3
75%
Torino-Inter 0-3
75%
Inter-Roma 1-0
75%
Juventus-Inter 1-1
75%
Genoa-Inter 1-1
75%
Inter-Sassuolo 1-2
75%
Inter-Monza 2-0
75%
Inter-Frosinone 2-0
75%
Lecce-Lazio 2-1
75%
Inter-Bologna 2-2
75%
Inter-Milan 5-1
75%
Udinese-Frosinone 0-0
50%
Bologna-Napoli 0-0
50%
Lazio-Roma 0-0
50%
Frosinone-Torino 0-0
50%
Empoli-Verona 0-1
50%
Empoli-Inter 0-1
50%
Genoa-Milan 0-1
50%
Fiorentina-Juventus 0-1
50%
Napoli-Empoli 0-1
50%
Sassuolo-Atalanta 0-2
50%
Cagliari-Inter 0-2
50%
Sassuolo-Lazio 0-2
50%
Salernitana-Napoli 0-2
50%
Empoli-Lazio 0-2
50%
Empoli-Atalanta 0-3
50%
Napoli-Inter 0-3
50%
Lecce-Napoli 0-4
50%
Torino-Genoa 1-0
50%
Juventus-Lecce 1-0
50%
Juventus-Verona 1-0
50%
Juventus-Napoli 1-0
50%
Genoa-Juventus 1-1
50%
Napoli-Lazio 1-2
50%
Roma-Milan 1-2
50%
Atalanta-Inter 1-2
50%
Atalanta-Napoli 1-2
50%
Monza-Juventus 1-2
50%
Frosinone-Juventus 1-2
50%
Frosinone-Napoli 1-3
50%
Verona-Napoli 1-3
50%
Genoa-Fiorentina 1-4
50%
Napoli-Sassuolo 2-0
50%
Juventus-Torino 2-0
50%
Inter-Lecce 2-0
50%
Roma-Napoli 2-0
50%
Frosinone-Atalanta 2-1
50%
Verona-Roma 2-1
50%
Cagliari-Genoa 2-1
50%
Frosinone-Empoli 2-1
50%
Cagliari-Sassuolo 2-1
50%
Napoli-Cagliari 2-1
50%
Inter-Verona 2-1
50%
Roma-Salernitana 2-2
50%
Fiorentina-Lecce 2-2
50%
Genoa-Napoli 2-2
50%
Lecce-Milan 2-2
50%
Salernitana-Milan 2-2
50%
Frosinone-Monza 2-3
50%
Milan-Monza 3-0
50%
Juventus-Lazio 3-1
50%
Frosinone-Sassuolo 4-2
50%
Sassuolo-Juventus 4-2
50%
Cagliari-Frosinone 4-3
50%
Roma-Empoli 7-0
50%
Torino-Cagliari 0-0
25%
Verona-Bologna 0-0
25%
Monza-Bologna 0-0
25%
Atalanta-Juventus 0-0
25%
Empoli-Udinese 0-0
25%
Napoli-Monza 0-0
25%
Lazio-Genoa 0-1
25%
Verona-Atalanta 0-1
25%
Monza-Fiorentina 0-1
25%
Verona-Salernitana 0-1
25%
Empoli-Juventus 0-2
25%
Salernitana-Torino 0-3
25%
Roma-Monza 1-0
25%
Lazio-Fiorentina 1-0
25%
Bologna-Lazio 1-0
25%
Milan-Fiorentina 1-0
25%
Torino-Empoli 1-0
25%
Bologna-Atalanta 1-0
25%
Atalanta-Lecce 1-0
25%
Juventus-Roma 1-0
25%
Milan-Sassuolo 1-0
25%
Salernitana-Udinese 1-1
25%
Salernitana-Frosinone 1-1
25%
Torino-Roma 1-1
25%
Frosinone-Fiorentina 1-1
25%
Sassuolo-Bologna 1-1
25%
Udinese-Atalanta 1-1
25%
Genoa-Empoli 1-1
25%
Roma-Fiorentina 1-1
25%
Torino-Udinese 1-1
25%
Lecce-Cagliari 1-1
25%
Sassuolo-Roma 1-2
25%
Salernitana-Bologna 1-2
25%
Sassuolo-Genoa 1-2
25%
Napoli-Fiorentina 1-3
25%
Verona-Monza 1-3
25%
Monza-Empoli 2-0
25%
Milan-Lazio 2-0
25%
Roma-Frosinone 2-0
25%
Bologna-Torino 2-0
25%
Bologna-Roma 2-0
25%
Bologna-Cagliari 2-1
25%
Frosinone-Verona 2-1
25%
Roma-Lecce 2-1
25%
Torino-Sassuolo 2-1
25%
Fiorentina-Bologna 2-1
25%
Juventus-Cagliari 2-1
25%
Frosinone-Genoa 2-1
25%
Salernitana-Lazio 2-1
25%
Lecce-Frosinone 2-1
25%
Udinese-Genoa 2-2
25%
Napoli-Milan 2-2
25%
Bologna-Empoli 3-0
25%
Monza-Salernitana 3-0
25%
Torino-Atalanta 3-0
25%
Udinese-Bologna 3-0
25%
Torino-Napoli 3-0
25%
Sassuolo-Verona 3-1
25%
Milan-Frosinone 3-1
25%
Lazio-Frosinone 3-1
25%
Fiorentina-Atalanta 3-2
25%
Lazio-Atalanta 3-2
25%
Atalanta-Milan 3-2
25%
Udinese-Verona 3-3
25%
Empoli-Sassuolo 3-4
25%
Inter-Fiorentina 4-0
25%
Inter-Udinese 4-0
25%
Milan-Torino 4-1
25%
Napoli-Udinese 4-1
25%
Atalanta-Salernitana 4-1
25%
Cagliari-Udinese 0-0
0%
Torino-Verona 0-0
0%
Cagliari-Empoli 0-0
0%
Sassuolo-Monza 0-1
0%
Lecce-Torino 0-1
0%
Milan-Udinese 0-1
0%
Udinese-Fiorentina 0-2
0%
Fiorentina-Empoli 0-2
0%
Empoli-Milan 0-3
0%
Lecce-Genoa 1-0
0%
Milan-Verona 1-0
0%
Empoli-Salernitana 1-0
0%
Genoa-Salernitana 1-0
0%
Genoa-Verona 1-0
0%
Lazio-Cagliari 1-0
0%
Monza-Genoa 1-0
0%
Fiorentina-Verona 1-0
0%
Fiorentina-Torino 1-0
0%
Sassuolo-Fiorentina 1-0
0%
Monza-Lecce 1-1
0%
Lazio-Monza 1-1
0%
Lecce-Sassuolo 1-1
0%
Udinese-Lecce 1-1
0%
Monza-Udinese 1-1
0%
Monza-Torino 1-1
0%
Cagliari-Monza 1-1
0%
Lecce-Bologna 1-1
0%
Empoli-Lecce 1-1
0%
Verona-Lazio 1-1
0%
Bologna-Genoa 1-1
0%
Roma-Atalanta 1-1
0%
Salernitana-Juventus 1-2
0%
Udinese-Lazio 1-2
0%
Cagliari-Milan 1-3
0%
Cagliari-Roma 1-4
0%
Lecce-Salernitana 2-0
0%
Atalanta-Cagliari 2-0
0%
Lazio-Torino 2-0
0%
Atalanta-Genoa 2-0
0%
Verona-Cagliari 2-0
0%
Bologna-Frosinone 2-1
0%
Salernitana-Cagliari 2-2
0%
Sassuolo-Salernitana 2-2
0%
Verona-Lecce 2-2
0%
Udinese-Sassuolo 2-2
0%
Atalanta-Monza 3-0
0%
Fiorentina-Cagliari 3-0
0%
Fiorentina-Salernitana 3-0
0%
Roma-Udinese 3-1
0%
Genoa-Roma 4-1
0%
Nessun quiz corrispondente trovato
Distribuzione punteggi
Percentuale di utenti per punteggio
Percentile per numero di risposta
I tuoi punteggi nel tempo
Non hai fatto questo quiz